| 000 | 00712nam a2200193 a 4500 | ||
|---|---|---|---|
| 005 | 20140412111232.0 | ||
| 008 | 001116s19uu xx 00 eng d | ||
| 020 | _a4-7700-1756-1 | ||
| 050 |
_aER _bMo77 1993 |
||
| 100 | _aMcCarthy, Ralph F. | ||
| 245 |
_aMoon princess (The) / _cretold by Ralph F. McCarthy ; illustrations by Kancho Oda. |
||
| 260 |
_aTokyo : _bKodansha International, _c1993. |
||
| 300 | _a47 p. ; ill. | ||
| 440 | _aKodansha Children's Classics | ||
| 520 | _aA young girl raised in the humble home of a bamboo cutter grows up to be wise and renowned beauty but eventually she must return to her real home. | ||
| 650 | _aStories in rhyme | ||
| 650 |
_aFolklore _xJapan |
||
| 999 |
_c102233 _d102233 |
||